Can You Guess All Cedar Point Rides? - Statistics

General Stats
  • This quiz has been taken 28 times
  • The average score is 19 of 66
Answer Stats
Hint Answer % Correct
Race against the other track who will win? Gemini
87%
Shoot up into the sky, will you pass out on this attraction? SlingShot
80%
Its Old Name was Mean Streak Steel Vengence
80%
This ride had an element removed before opening Maverick
73%
This ride swings you back and forth almost upside down Skyhawk
73%
It will be the worlds tallest coaster when it opens in 2025 Top Thrill 2
67%
Its Old name was Gemini Jr. Wilderness Run
67%
First Looping coaster in the park Corkscrew
60%
A classic in Frontier Town Cedar Creek Mine Ride
53%
Time for a coaster and this one makes up Cedar Points front entrance GateKeeper
53%
It was the worlds tallest coaster in 1989 Magnum XL 200
53%
Swings you back and forth while the ride vehicle spins MaXair
53%
Pirate themed ride at the front of the park Ocean Motion
53%
It can launch you up and drop you down Power Tower
53%
The only one of these coasters in the park where you hang below the track and go upside down Raptor
53%
Used to be a stand up coaster and called Mantis Rougarou
53%
The newest ride coming to Cedar Point Siren's Curse
53%
The oldest ride in the park Blue Streak
47%
This has two stations and takes you up in the sky and you can view the park Sky Ride
47%
Feel the rush of white water rafting on this ride Thunder Canyon
47%
This rollercoaster will make you really dizzy Wild Mouse
47%
This ride was once knowen as Tiki Twirl Calypso
40%
This coaster takes you through the trees and above the ponds Iron Dragon
40%
Opened as the worlds tallest coaster in the year 2000 with its striking blue paint job Millennium Force
40%
Will you survive this wacky ride that looks like an octopus? Monster
40%
This guy will take you flying and is Snoopy's enemy Red Baron
40%
These are the Bumper cars for the older kids and adults Dodgem
33%
This ride is named after a mountain in the Alps Matterhorn
33%
The giant opened in 2016 and is the only one in Ohio Valravn
33%
Made by Vekoma and opend in the Year of 1999 Woodstock Express
33%
This tree eats many kites will you be taken with one Kite Eating Tree
27%
Race around the speedway, Which Peanut will win? Peanuts 500
27%
Will you scream on this ride because it has the word scream in its name? Pipe Scream
27%
Off of the Top Thrill Midway and named after the tallest mountain range Super Himalaya
27%
Time for a relaxing break on this ride that over looks Lake Erie Windseeker
27%
A very Relaxing ride to sit and view the park Giant Wheel
20%
Soar over Lake Erie is what this ride is named after Lake Erie Eagles
20%
Takes you up and swings you around - Hint: By Maverick Wave Swinger
20%
Time to get dizzy on this ride Atomic Scrambler
13%
A smaller and slower version of the third answer Charlie Brown's Wind-up
13%
Also themed after monster trucks 4x4s
7%
A race in the sky? Balloon Race
7%
There used to be two of these in the park now this one is the only one left Cadillac Cars
7%
You ready for a ride to camp? Camp Bus
7%
3 of 3 of this and is the fastest of them all Cedar Downs Racing Derby
7%
Themed after helicopters Helicopters
7%
This is Bumper Cars for the kids Joe Cool's Dodgem School
7%
1 of the 3 of these in the park Kiddy Kingdom Carousel
7%
This is the 2 of 3 and the main one Midway Carousel
7%
Themed after Motorcycles Motorcycles
7%
Themed after Mustangs Mustangs
7%
Themed after Police Vehicles Police Cars
7%
Time for a trip under the sea Snoopy's Deep Sea Divers
7%
Choo Choo ready for this small train Snoopy's Express Railroad
7%
Ready for a trip to space? Snoopy's Space Race
7%
Themed after spaceships Space Age
7%
Closest ride to Cedar Points Wing Coaster Trokia
7%
Are you ready to go into Woodstock's mailbox Woodstock's Airmail
7%
This ride is like a teacups ride Woodstock Whirlybirds
7%
Themed after monster trucks Dune Buggies
0%
Another Race in the sky? Flying Ace Balloon Race
0%
This ride will spin you around and around and is named after one of the Peanuts Linus' Beetle Bugs
0%
Time for another race with the Peanuts Peanuts Road Rally
0%
Turns you around and spins you Rock, Spin, & Turn
0%
Swings you around the corners really fast Roto Whip
0%
Themed after airplanes Sky Fighters
0%
No matching quizzes found
Score Distribution
Percent of People with Each Score
Percentile by Number Answered
Your Score History
You have not taken this quiz